000 00635nam a2200205Ii 4500
001 4172
003 CO-ViMGA
008 241108s9999||||xx |||||||||||||| ||und||
040 _aCO-ViMGA
_bspa
_erda
_cCO-ViMGA
041 0 _aunk
082 0 4 _a498 I488wa
110 1 _aInstituto Lingüístico de Verano
245 1 0 _aWaibucura:
_bLos animales en Barasano del Sur
264 1 _a[Lugar de publicación no identificado] : Editorial Townsend, 1972
300 _avolumen
336 _atext
_btxt
_2rdacontent
337 _aunmediated
_bn
_2rdamedia
338 _avolume
_bnc
_2rdacarrier
940 _aidficha_siabuc: 4080. -- ficha_no_siabuc:4172
999 _c55714
_d55714